=LDR 00000nam 2200000 4500 =001 INLIS000000000015859 =005 20201019100912 =035 ##$$a 0010-061300000015859 =008 201019################g##########0#ind## =020 ##$$a 979-444-000-0 =082 ##$$a 323.445 095 98 =100 1#$$a Smith, Edward C. =245 1#$$a Pembreidelan pers di Indonesia /$c Edward C. Smith ; Penerjemah Atmakusumah =260 ##$$a Jakarta :$b Pustaka Grafitipers,$c 1986 =440 ##$$a 1983 =084 ##$$a 323.445 095 98 SMI p =300 ##$$a ix, 267 hlm. ; $c 15x21 cm. =650 #4$$a Kebebasan pers - Indonesia =700 #$$a Atmakusumah =990 ##$$a 58.550/pro93 =990 ##$$a 58.553/pro93 =990 ##$$a 00091773 =990 ##$$a 58.552/Pro-93 =990 ##$$a 58.550/pro93 =990 ##$$a 58.553/pro93 =990 ##$$a 58.551/pro.93 =990 ##$$a 58.550/pro93 =990 ##$$a 58.553/pro93 =990 ##$$a 58.552/Pro-93 =990 ##$$a 58.552/Pro-93 =990 ##$$a 58.550/pro93 =990 ##$$a 58.553/pro93 =990 ##$$a 58.551/pro.93 =990 ##$$a 58.550/pro93 =990 ##$$a 58.553/pro93 =990 ##$$a 58.552/Pro-93 =990 ##$$a 58.551/pro.93